[Event "Guernsey op 45th"]
[Site "Vale"]
[Date "2019.10.25"]
[Round "6"]
[White "Rowe, Peter"]
[Black "Murray, John Stephen"]
[Result "1-0"]
[WhiteElo "1957"]
[BlackElo "1736"]
[PlyCount "117"]
[EventDate "2019.10.20"]
[EventType "swiss"]
[EventRounds "7"]
[EventCountry "GCI"]
[SourceTitle "EXT 2021"]
[Source "ChessBase"]
[SourceDate "2020.10.23"]
[SourceVersion "1"]
[SourceVersionDate "2020.10.23"]
[SourceQuality "1"]

1. d4 Nf6 2. Bf4 e6 3. Nf3 c5 4. c3 b6 5. e3 Bb7 6. Be2 Be7 7. h3 d6 8. 0-0 0-0 9. a4 Nc6 10. Nbd2 cxd4 11. exd4 Rc8 12. Re1 Re8 13. Bb5 a6 14. Bc4 Bf8 15. Bb3 Na5 16. Bc2 g6 17. Bg3 Nc4 18. Nxc4 Rxc4 19. Bd3 Rc8 20. Qe2 a5 21. Bh4 Be7 22. Bb5 Bc6 23. Bxc6 Rxc6 24. Rad1 Nd5 25. Qb5 Qc8 26. Bg3 Rd8 27. Nd2 Bf8 28. Bh4 Rd7 29. Qe2 Be7 30. Bg3 Qd8 31. Ne4 Nf6 32. Qb5 Qc8 33. Nd2 Nd5 34. Re2 Rdc7 35. Rde1 Qd7 36. c4 Nb4 37. d5 Rc5 38. Qxd7 Rxd7 39. dxe6 fxe6 40. Rxe6 Bf8 41. b3 Rf5 42. Nf3 Nd3 43. Rd1 Nc5 44. Re3 Kg7 45. Nd4 Rff7 46. Ne6+ Kh6 47. Bf4+ g5 48. Bxg5+ Kg6 49. Nxf8+ Rxf8 50. Be7 Re8 51. Rxd6+ Rxd6 52. Bxd6 Rxe3 53. fxe3 Nxb3 54. Bc7 Nd2 55. Bxb6 Nxc4 56. Bd4 Kf5 57. Kf2 Ke4 58. Ke2 Nd6 59. g4 1-0

[Event "Guernsey op 45th"]
[Site "Vale"]
[Date "2019.10.24"]
[Round "5"]
[White "Kraft, Karl Heinz"]
[Black "Rowe, Peter"]
[Result "1-0"]
[WhiteElo "1986"]
[BlackElo "1957"]
[PlyCount "89"]
[EventDate "2019.10.20"]
[EventType "swiss"]
[EventRounds "7"]
[EventCountry "GCI"]
[SourceTitle "EXT 2021"]
[Source "ChessBase"]
[SourceDate "2020.10.23"]
[SourceVersion "1"]
[SourceVersionDate "2020.10.23"]
[SourceQuality "1"]

1. e4 c5 2. c3 e5 3. Nf3 Nc6 4. Bc4 Be7 5. 0-0 Nf6 6. d3 d6 7. Ng5 0-0 8. f4 Na5 9. Na3 Nxc4 10. Nxc4 b5 11. fxe5 bxc4 12. exf6 Bxf6 13. Nf3 cxd3 14. Qxd3 Qb6 15. Qc2 Bg4 16. Be3 a5 17. Rad1 Rad8 18. Rd2 Rfe8 19. Bf4 Be5 20. Bxe5 dxe5 21. Rfd1 c4+ 22. Kf1 Qf6 23. Rxd8 Rxd8 24. Rxd8+ Qxd8 25. Qd2 Qxd2 26. Nxd2 Be6 27. b3 cxb3 28. axb3 Kf8 29. Ke2 Ke7 30. Kd3 f5 31. exf5 Bxf5+ 32. Kc4 Bc2 33. Kd5 e4 34. Kd4 a4 35. bxa4 Bxa4 36. Nxe4 Bc6 37. Ke5 Bb5 38. g3 Be2 39. Nd6 Kd7 40. Nf5 g6 41. Ne3 Kc6 42. h4 h5 43. Kf6 Bd3 44. Ng2 Kc5 45. Nf4 1-0

[Event "EU Small Countries ol 6th"]
[Site "San Marino"]
[Date "2019.03.30"]
[Round "9.3"]
[White "Rowe, Peter"]
[Black "Rodgaard, John"]
[Result "0-1"]
[WhiteElo "1972"]
[BlackElo "2281"]
[PlyCount "92"]
[EventDate "2019.03.24"]
[EventType "team-tourn"]
[EventRounds "9"]
[EventCountry "SMR"]
[SourceTitle "CBM 189 Extra"]
[Source "ChessBase"]
[SourceDate "2019.06.03"]
[SourceVersion "1"]
[SourceVersionDate "2019.06.03"]
[SourceQuality "1"]
[WhiteTeam "Guernsey"]
[BlackTeam "Faroe Islands"]
[WhiteTeamCountry "GCI"]
[BlackTeamCountry "FAI"]

1. d4 d5 2. Nf3 Nf6 3. Bf4 e6 4. e3 c5 5. c3 Nc6 6. Nbd2 Bd6 7. Ne5 Qc7 8. Bb5 Bd7 9. Nxd7 Nxd7 10. Bxd6 Qxd6 11. 0-0 0-0 12. f4 a6 13. Bd3 b5 14. a3 c4 15. Bc2 f5 16. Nf3 a5 17. h3 b4 18. Ba4 bxc3 19. bxc3 Nf6 20. Qc2 Ne4 21. Rfb1 Rfb8 22. Bb5 Ne7 23. Ne5 Rb6 24. Bd7 Rab8 25. a4 Ng6 26. Bb5 Nxe5 27. fxe5 Qe7 28. Rf1 h6 29. Rac1 Kh7 30. Kh2 Rg8 31. Qe2 g6 32. Rg1 Rg7 33. Rc2 Rb8 34. Qe1 h5 35. g3 Rf8 36. Rgg2 g5 37. Qe2 Kg6 38. Qe1 Rh7 39. Qe2 h4 40. g4 f4 41. Qf3 Ng3 42. Rgf2 Rhf7 43. Kg2 Ne4 44. Rfe2 fxe3 45. Qxe3 Rf4 46. Kh2 Ng3 0-1

[Event "EU Small Countries ol 6th"]
[Site "San Marino"]
[Date "2019.03.28"]
[Round "7.2"]
[White "Schartz, Alain"]
[Black "Rowe, Peter"]
[Result "1-0"]
[WhiteElo "2081"]
[BlackElo "1972"]
[PlyCount "83"]
[EventDate "2019.03.24"]
[EventType "team-tourn"]
[EventRounds "9"]
[EventCountry "SMR"]
[SourceTitle "CBM 189 Extra"]
[Source "ChessBase"]
[SourceDate "2019.06.03"]
[SourceVersion "1"]
[SourceVersionDate "2019.06.03"]
[SourceQuality "1"]
[WhiteTeam "Luxembourg"]
[BlackTeam "Guernsey"]
[WhiteTeamCountry "LUX"]
[BlackTeamCountry "GCI"]

1. e4 d6 2. d4 Nf6 3. Nc3 Nbd7 4. g3 e5 5. Nge2 c6 6. Bg2 Be7 7. a4 Rb8 8. 0-0 0-0 9. h3 a6 10. a5 b5 11. axb6 Qxb6 12. b3 Re8 13. Be3 Qc7 14. f4 exd4 15. Nxd4 Bb7 16. g4 Bf8 17. Bf2 Nc5 18. Re1 d5 19. e5 Nfe4 20. Nxe4 Nxe4 21. Nf3 Bb4 22. Rf1 Nxf2 23. Kxf2 Bc3 24. Ra4 f6 25. Qd3 Qb6+ 26. Kg3 d4 27. exf6 Re3 28. Qc4+ Kh8 29. Qf7 gxf6 30. Qxf6+ Kg8 31. Kh2 Rf8 32. Qg5+ Kh8 33. Qh6 Qd8 34. Ng5 Qe7 35. Nxh7 Qg7 36. Qxg7+ Kxg7 37. Nxf8 Kxf8 38. Bf3 a5 39. Kg2 Ba6 40. Rd1 c5 41. Kf2 Bb4 42. Rxb4 1-0

[Event "EU Small Countries ol 6th"]
[Site "San Marino"]
[Date "2019.03.24"]
[Round "1.3"]
[White "Rowe, Peter"]
[Black "Kock, Hans Uwe"]
[Result "1/2-1/2"]
[WhiteElo "1972"]
[BlackElo "1963"]
[PlyCount "50"]
[EventDate "2019.03.24"]
[EventType "team-tourn"]
[EventRounds "9"]
[EventCountry "SMR"]
[SourceTitle "CBM 189 Extra"]
[Source "ChessBase"]
[SourceDate "2019.06.03"]
[SourceVersion "1"]
[SourceVersionDate "2019.06.03"]
[SourceQuality "1"]
[WhiteTeam "Guernsey"]
[BlackTeam "Liechtenstein"]
[WhiteTeamCountry "GCI"]
[BlackTeamCountry "LIE"]

1. d4 c5 2. c3 cxd4 3. cxd4 d5 4. Nf3 Nc6 5. Nc3 e6 6. a3 Bd6 7. e3 Nf6 8. Be2 0-0 9. 0-0 a6 10. b4 b5 11. Bb2 Bb7 12. Rc1 Qe7 13. Qb3 Rfd8 14. Rfd1 Rab8 15. Rc2 h6 16. Rdc1 Rdc8 17. Bd3 g5 18. Ne2 Ne4 19. Ne5 Na7 20. Rxc8+ Rxc8 21. Rxc8+ Nxc8 22. Qc2 Nb6 23. f3 Nf6 24. e4 Bxe5 25. dxe5 Ne8 1/2-1/2

[Event "Guernsey op 44th"]
[Site "Vale"]
[Date "2018.10.25"]
[Round "5"]
[White "Rowe, Peter"]
[Black "Waddington, Mike P"]
[Result "1-0"]
[WhiteElo "1951"]
[BlackElo "2096"]
[PlyCount "79"]
[EventDate "2018.10.21"]
[EventType "swiss"]
[EventRounds "7"]
[EventCountry "GCI"]
[SourceTitle "CBM 187 Extra"]
[Source "ChessBase"]
[SourceDate "2018.11.04"]
[SourceVersion "1"]
[SourceVersionDate "2018.11.04"]
[SourceQuality "1"]

1. d4 f5 2. Nf3 Nf6 3. Bf4 d6 4. h3 g6 5. e3 Bg7 6. Bc4 e6 7. g4 d5 8. Be2 0-0 9. gxf5 exf5 10. c4 c5 11. Nc3 Nc6 12. cxd5 cxd4 13. dxc6 dxc3 14. Qb3+ Kh8 15. cxb7 Bxb7 16. Qxb7 Ne4 17. 0-0 cxb2 18. Rab1 Qa5 19. Rxb2 Bxb2 20. Qxb2+ Nf6 21. Bc4 Qb6 22. Qa1 Rac8 23. Ne5 Rxc4 24. Nxc4 Qe6 25. Qd4 g5 26. Qd6 Qf7 27. Be5 Kg7 28. Qxf6+ Qxf6 29. Rd1 Rf7 30. Rd6 Qxe5 31. Nxe5 Rf8 32. Ra6 Rd8 33. Rxa7+ Kf6 34. Nc4 h5 35. Ra6+ Kg7 36. Nd6 f4 37. exf4 gxf4 38. Kg2 Rb8 39. Kf3 Rb2 40. Ne4 1-0

[Event "Guernsey op 44th"]
[Site "Vale"]
[Date "2018.10.22"]
[Round "2"]
[White "Carlucci, Paul A"]
[Black "Rowe, Peter"]
[Result "1/2-1/2"]
[WhiteElo "1817"]
[BlackElo "1951"]
[PlyCount "39"]
[EventDate "2018.10.21"]
[EventType "swiss"]
[EventRounds "7"]
[EventCountry "GCI"]
[SourceTitle "CBM 187 Extra"]
[Source "ChessBase"]
[SourceDate "2018.11.04"]
[SourceVersion "1"]
[SourceVersionDate "2018.11.04"]
[SourceQuality "1"]

1. d4 d6 2. Nf3 Bg4 3. e3 Nd7 4. Be2 Ngf6 5. 0-0 e6 6. b3 d5 7. Bb2 Be7 8. Ne5 Bxe2 9. Qxe2 Nxe5 10. dxe5 Nd7 11. Nd2 0-0 12. c4 c6 13. a3 f5 14. f4 a5 15. g4 g6 16. Nf3 Qb6 17. gxf5 gxf5 18. Nd4 c5 19. Nb5 dxc4 20. bxc4 1/2-1/2

[Event "Olympiad-43"]
[Site "Batumi"]
[Date "2018.10.05"]
[Round "11.2"]
[White "Mannhart, Marcel"]
[Black "Rowe, Peter"]
[Result "1/2-1/2"]
[WhiteElo "2096"]
[BlackElo "1951"]
[PlyCount "60"]
[EventDate "2018.09.24"]
[EventType "team-swiss"]
[EventRounds "11"]
[EventCountry "GEO"]
[SourceTitle "CBM 187"]
[Source "ChessBase"]
[SourceDate "2018.12.11"]
[SourceVersion "1"]
[SourceVersionDate "2018.12.11"]
[SourceQuality "1"]
[WhiteTeam "Liechtenstein"]
[BlackTeam "Guernsey"]
[WhiteTeamCountry "LIE"]
[BlackTeamCountry "GCI"]

1. Nc3 c5 2. e4 Nc6 3. Bb5 e6 4. Bxc6 bxc6 5. d3 Nf6 6. Nf3 Be7 7. 0-0 0-0 8. Qe2 Ne8 9. Re1 Qc7 10. Na4 e5 11. b3 d6 12. h3 f5 13. c4 f4 14. Kh2 Be6 15. Rh1 Rd8 16. Bb2 h6 17. Kg1 Nf6 18. Kf1 Bf7 19. Ke1 Bh5 20. Kd2 Nh7 21. Kc2 Ng5 22. Nc3 Ne6 23. Nb1 Rf6 24. Nbd2 a5 25. Qe1 Rb8 26. Ng1 a4 27. f3 Nd4+ 28. Bxd4 cxd4 29. Qc1 Qa5 30. Ne2 Be8 1/2-1/2

[Event "Olympiad-43"]
[Site "Batumi"]
[Date "2018.09.30"]
[Round "6.86"]
[White "Rowe, Peter"]
[Black "Pereira, Eder Marcio"]
[Result "1-0"]
[WhiteElo "1951"]
[BlackElo "1781"]
[PlyCount "85"]
[EventDate "2018.09.24"]
[EventType "team-swiss"]
[EventRounds "11"]
[EventCountry "GEO"]
[SourceTitle "CBM 187"]
[Source "ChessBase"]
[SourceDate "2018.12.11"]
[SourceVersion "1"]
[SourceVersionDate "2018.12.11"]
[SourceQuality "1"]
[WhiteTeam "Guernsey"]
[BlackTeam "Kap Verde"]
[WhiteTeamCountry "GCI"]
[BlackTeamCountry "KAP"]

1. d4 Nf6 2. Nf3 d5 3. Bf4 c5 4. e3 Nc6 5. c3 Qb6 6. Qc2 cxd4 7. exd4 Bf5 8. Qb3 e6 9. Nbd2 Be7 10. Be2 Nh5 11. Qxb6 axb6 12. Bc7 0-0 13. h3 Be4 14. Nxe4 dxe4 15. Nd2 Nf6 16. Bxb6 Nd5 17. Bc5 Bxc5 18. dxc5 e3 19. fxe3 Nxe3 20. Kf2 Nd5 21. a3 Ne5 22. Nf3 Nd7 23. c4 Nf4 24. b4 Nxe2 25. Kxe2 Nf6 26. Rhd1 Rfd8 27. Rxd8+ Rxd8 28. a4 Ne4 29. Ke3 Nc3 30. Nd2 f5 31. Nf3 Nd1+ 32. Ke2 Nb2 33. a5 Nxc4 34. Rc1 Na3 35. c6 bxc6 36. Rxc6 Re8 37. Ne5 Nb5 38. Kd3 Kf8 39. Kc4 Na3+ 40. Kb3 Nb5 41. Ka4 Nd4 42. Rc7 Rb8 43. Nd7+ 1-0

[Event "Olympiad-43"]
[Site "Batumi"]
[Date "2018.09.28"]
[Round "5.75"]
[White "Rowe, Peter"]
[Black "Abo Moliana, Montasar"]
[Result "0-1"]
[WhiteElo "1951"]
[BlackElo "1993"]
[PlyCount "50"]
[EventDate "2018.09.24"]
[EventType "team-swiss"]
[EventRounds "11"]
[EventCountry "GEO"]
[SourceTitle "CBM 187"]
[Source "ChessBase"]
[SourceDate "2018.12.11"]
[SourceVersion "1"]
[SourceVersionDate "2018.12.11"]
[SourceQuality "1"]
[WhiteTeam "Guernsey"]
[BlackTeam "Libya"]
[WhiteTeamCountry "GCI"]
[BlackTeamCountry "LBY"]

1. d4 c5 2. d5 Nf6 3. Nc3 g6 4. e4 d6 5. h3 Bg7 6. Nf3 0-0 7. Be2 e6 8. 0-0 exd5 9. exd5 Na6 10. Bg5 h6 11. Bh4 Nc7 12. Qd2 Re8 13. Rfe1 Rb8 14. Nb5 g5 15. Nxc7 Qxc7 16. Bg3 Ne4 17. Qc1 Nxg3 18. fxg3 g4 19. hxg4 Bxg4 20. Qf4 f5 21. Bb5 Rxe1+ 22. Rxe1 Bxf3 23. gxf3 Qa5 24. Re8+ Rxe8 25. Bxe8 Qe1+ 0-1

[Event "Olympiad-43"]
[Site "Batumi"]
[Date "2018.09.25"]
[Round "2.2"]
[White "Rowe, Peter"]
[Black "Pace, Colin"]
[Result "0-1"]
[WhiteElo "1951"]
[BlackElo "2132"]
[PlyCount "76"]
[EventDate "2018.09.24"]
[EventType "team-swiss"]
[EventRounds "11"]
[EventCountry "GEO"]
[SourceTitle "CBM 187"]
[Source "ChessBase"]
[SourceDate "2018.12.11"]
[SourceVersion "1"]
[SourceVersionDate "2018.12.11"]
[SourceQuality "1"]
[WhiteTeam "Guernsey"]
[BlackTeam "Malta"]
[WhiteTeamCountry "GCI"]
[BlackTeamCountry "MLT"]

1. d4 f5 2. Nf3 Nf6 3. Bg5 e6 4. e3 Be7 5. h3 b6 6. Be2 Bb7 7. 0-0 0-0 8. c4 d6 9. Nc3 Nbd7 10. a4 a5 11. Qc2 h6 12. Bf4 Ne4 13. Rad1 Qe8 14. Nb5 Bd8 15. Bh2 Qg6 16. d5 e5 17. Nc3 Ndc5 18. Kh1 Bc8 19. Nxe4 fxe4 20. Ng1 Bd7 21. b3 Bh4 22. g3 Be7 23. f3 Rf6 24. fxe4 Nxe4 25. Bd3 Nxg3+ 26. Bxg3 Qxg3 27. Rxf6 Bxf6 28. Bf5 Bxf5 29. Qxf5 Qxe3 30. Rd3 Qg5 31. Qe6+ Kh8 32. Rf3 Qg6 33. Rf2 Re8 34. Qd7 Re7 35. Qc8+ Kh7 36. Re2 e4 37. Rg2 Qh5 38. Qf8 Re8 0-1

[Event "EU Small Countries ol 5th"]
[Site "Andorra"]
[Date "2017.11.17"]
[Round "8.1"]
[White "Rowe, Peter"]
[Black "Darmanin, Jake"]
[Result "0-1"]
[WhiteElo "1945"]
[BlackElo "2058"]
[PlyCount "58"]
[EventDate "2017.11.12"]
[EventType "team-tourn"]
[EventRounds "9"]
[EventCountry "AND"]
[SourceTitle "CBM 181 Extra"]
[Source "ChessBase"]
[SourceDate "2017.12.12"]
[SourceVersion "1"]
[SourceVersionDate "2017.12.12"]
[SourceQuality "1"]
[WhiteTeam "Guernsey"]
[BlackTeam "Malta"]
[WhiteTeamCountry "GCI"]
[BlackTeamCountry "MLT"]

1. d4 Nf6 2. Bf4 c5 3. e3 d5 4. c3 Nc6 5. Nf3 Qb6 6. Qb3 c4 7. Qxb6 axb6 8. Na3 Ra5 9. Be2 Bf5 10. Bc7 e6 11. Bxb6 Bxa3 12. Bxa5 Bxb2 13. Nh4 Bxa1 14. Nxf5 exf5 15. Kd2 Nxa5 16. Rxa1 Kd7 17. f3 Ra8 18. Rb1 Kc7 19. Rb2 Nc6 20. Kc1 g5 21. Kd2 Ra3 22. Bd1 f4 23. exf4 gxf4 24. Bc2 Nxd4 25. Bb1 Nc6 26. Rb5 b6 27. Rb2 d4 28. Rc2 d3 29. Rb2 Nd5 0-1

[Event "EU Small Countries ol 5th"]
[Site "Andorra"]
[Date "2017.11.16"]
[Round "7.5"]
[White "Rowe, Peter"]
[Black "Righi, Ezio"]
[Result "1/2-1/2"]
[WhiteElo "1945"]
[BlackElo "2039"]
[PlyCount "127"]
[EventDate "2017.11.12"]
[EventType "team-tourn"]
[EventRounds "9"]
[EventCountry "AND"]
[SourceTitle "CBM 181 Extra"]
[Source "ChessBase"]
[SourceDate "2017.12.12"]
[SourceVersion "1"]
[SourceVersionDate "2017.12.12"]
[SourceQuality "1"]
[WhiteTeam "Guernsey"]
[BlackTeam "San Marino"]
[WhiteTeamCountry "GCI"]
[BlackTeamCountry "SMR"]

1. d4 c5 2. c3 e6 3. Nf3 Nf6 4. Bf4 Nc6 5. e3 d5 6. Nbd2 Qb6 7. Qb3 c4 8. Qc2 Be7 9. Be2 Qd8 10. h3 Bd6 11. Bxd6 Qxd6 12. e4 dxe4 13. Nxe4 Nxe4 14. Qxe4 Qd5 15. Nd2 Na5 16. Bf3 Qxe4+ 17. Bxe4 Rb8 18. b4 cxb3 19. axb3 Nc6 20. Bxc6+ bxc6 21. Rxa7 0-0 22. 0-0 Rd8 23. b4 Rd7 24. Rfa1 Kf8 25. Ra8 Rxa8 26. Rxa8 Rd8 27. Nc4 Ke7 28. Ra7+ Rd7 29. Rxd7+ Bxd7 30. f3 f6 31. Kf2 Bc8 32. f4 Ba6 33. Nd2 Kd6 34. c4 e5 35. fxe5+ fxe5 36. Ke3 Ke6 37. dxe5 Kxe5 38. Nf3+ Kd6 39. Kd4 Bc8 40. Ng5 Bf5 41. Ne4+ Kc7 42. Ke5 Bg6 43. Nc5 Bf7 44. Kd4 h5 45. h4 Bg8 46. Nd3 Kd6 47. Nf4 Bf7 48. c5+ Ke7 49. Ke5 g6 50. g3 Be8 51. Ne2 Bf7 52. Nc3 Bc4 53. Ne4 Be2 54. Nd6 Bf1 55. Nc8+ Kd7 56. Na7 Kc7 57. Kf6 Bd3 58. Kg5 Kb7 59. Nxc6 Kxc6 60. g4 hxg4 61. Kxg4 Kb5 62. Kg5 Be4 63. h5 gxh5 64. Kxh5 1/2-1/2

[Event "EU Small Countries ol 5th"]
[Site "Andorra"]
[Date "2017.11.13"]
[Round "2.4"]
[White "Berezovsky, Igor"]
[Black "Rowe, Peter"]
[Result "1-0"]
[WhiteElo "2378"]
[BlackElo "1945"]
[PlyCount "69"]
[EventDate "2017.11.12"]
[EventType "team-tourn"]
[EventRounds "9"]
[EventCountry "AND"]
[SourceTitle "CBM 181 Extra"]
[Source "ChessBase"]
[SourceDate "2017.12.12"]
[SourceVersion "1"]
[SourceVersionDate "2017.12.12"]
[SourceQuality "1"]
[WhiteTeam "Monaco"]
[BlackTeam "Guernsey"]
[WhiteTeamCountry "MNC"]
[BlackTeamCountry "GCI"]

1. d4 d6 2. Nf3 Nf6 3. c4 Nbd7 4. Nc3 e5 5. e4 Be7 6. Be2 0-0 7. 0-0 c6 8. Re1 Re8 9. d5 cxd5 10. cxd5 Nc5 11. Bb5 Bd7 12. a4 Bxb5 13. axb5 a5 14. bxa6 Rxa6 15. Rxa6 Nxa6 16. Be3 Ng4 17. Ba7 Qa5 18. Nh4 Nf6 19. Nf5 Nc5 20. Bxc5 Qxc5 21. Qf3 Qb4 22. h4 Qxb2 23. Rb1 Qd2 24. Rxb7 Bf8 25. Kh2 h5 26. Nb5 Ng4+ 27. Kg3 Qf4+ 28. Qxf4 exf4+ 29. Kxf4 Nxf2 30. Nfxd6 Bxd6+ 31. Nxd6 Rf8 32. Re7 g6 33. Ne8 Nd3+ 34. Kg5 Nf2 35. d6 1-0

[Event "EU Small Countries ol 5th"]
[Site "Andorra"]
[Date "2017.11.13"]
[Round "3.3"]
[White "Rowe, Peter"]
[Black "Nielsen, Rogvi Egilstoft"]
[Result "0-1"]
[WhiteElo "1945"]
[BlackElo "2340"]
[PlyCount "72"]
[EventDate "2017.11.12"]
[EventType "team-tourn"]
[EventRounds "9"]
[EventCountry "AND"]
[SourceTitle "CBM 181 Extra"]
[Source "ChessBase"]
[SourceDate "2017.12.12"]
[SourceVersion "1"]
[SourceVersionDate "2017.12.12"]
[SourceQuality "1"]
[WhiteTeam "Guernsey"]
[BlackTeam "Faroe Islands"]
[WhiteTeamCountry "GCI"]
[BlackTeamCountry "FAI"]

1. d4 Nf6 2. Bf4 e6 3. e3 c5 4. c3 b6 5. Nf3 Be7 6. Be2 Nh5 7. Bxb8 Rxb8 8. 0-0 0-0 9. Ne5 Nf6 10. a4 Qc7 11. Na3 a6 12. f4 d6 13. Nf3 Nd5 14. Qd2 f5 15. Rfc1 Bb7 16. Bd3 h6 17. Qe2 Ra8 18. b4 cxb4 19. cxb4 Qd8 20. b5 a5 21. Bc4 Nc7 22. Nc2 Qd7 23. Nce1 Kh8 24. g3 Rac8 25. Kf2 Ba8 26. Ng2 Kh7 27. Bd3 Nd5 28. g4 g6 29. g5 hxg5 30. fxg5 Nc3 31. Qf1 Ne4+ 32. Kg1 Nxg5 33. Nxg5+ Bxg5 34. Nf4 e5 35. Ng2 exd4 36. exd4 Bxc1 0-1

[Event "EU Small Countries ol 5th"]
[Site "Andorra"]
[Date "2017.11.12"]
[Round "1.2"]
[White "Rowe, Peter"]
[Black "Jouault, Louis"]
[Result "1-0"]
[WhiteElo "1945"]
[BlackElo "1860"]
[PlyCount "71"]
[EventDate "2017.11.12"]
[EventType "team-tourn"]
[EventRounds "9"]
[EventCountry "AND"]
[SourceTitle "CBM 181 Extra"]
[Source "ChessBase"]
[SourceDate "2017.12.12"]
[SourceVersion "1"]
[SourceVersionDate "2017.12.12"]
[SourceQuality "1"]
[WhiteTeam "Guernsey"]
[BlackTeam "Jersey"]
[WhiteTeamCountry "GCI"]
[BlackTeamCountry "GCI"]

1. d4 Nf6 2. Bf4 e6 3. e3 b6 4. Nf3 Bb7 5. Bd3 d6 6. 0-0 Nbd7 7. Nbd2 Qe7 8. e4 h6 9. e5 dxe5 10. Nxe5 Nxe5 11. Bxe5 0-0-0 12. Qe2 Nd7 13. Bg3 Nf6 14. c3 h5 15. Nf3 Qe8 16. a4 Bd6 17. a5 Bxg3 18. fxg3 Kb8 19. axb6 cxb6 20. Qe5+ Kc8 21. Rxa7 Rd5 22. Qe2 Ra5 23. Rxa5 bxa5 24. Ra1 Qd8 25. Ba6 Qb6 26. Bxb7+ Kxb7 27. Ne5 h4 28. Nc4 Qc7 29. Nxa5+ Kc8 30. Qa6+ Kd7 31. Qb5+ Kc8 32. Nc6 Rh5 33. Ra8+ Kd7 34. Ne5+ Ke7 35. Qb4+ Qd6 36. Ra7+ 1-0

[Event "Guernsey op 43rd"]
[Site "Vale"]
[Date "2017.10.21"]
[Round "7"]
[White "Von Saldern, Ruediger"]
[Black "Rowe, Peter"]
[Result "0-1"]
[WhiteElo "1894"]
[BlackElo "1974"]
[PlyCount "68"]
[EventDate "2017.10.15"]
[EventType "swiss"]
[EventRounds "7"]
[EventCountry "GCI"]
[SourceTitle "CBM 181 Extra"]
[Source "ChessBase"]
[SourceDate "2017.12.12"]
[SourceVersion "1"]
[SourceVersionDate "2017.12.12"]
[SourceQuality "1"]

1. d4 d6 2. c4 Nd7 3. Nc3 e5 4. d5 f5 5. e4 fxe4 6. Nxe4 Ngf6 7. Bd3 Be7 8. Ng5 Nc5 9. Bxh7 Kf8 10. Qf3 Bg4 11. Qg3 Qd7 12. Bc2 a5 13. Qe3 Bf5 14. Bxf5 Qxf5 15. N1h3 Rh4 16. 0-0 Rxc4 17. Qe2 Rc2 18. Qd1 Kg8 19. f4 Qd3 20. fxe5 dxe5 21. Nf3 Bd6 22. Nf2 Qxd1 23. Rxd1 a4 24. Rb1 b6 25. Ne1 Rc4 26. Be3 Rd8 27. Kf1 Be7 28. b4 axb3 29. axb3 Rc3 30. Bxc5 Bxc5 31. Nfd3 Nxd5 32. Ke2 Bd4 33. Nf3 Rc2+ 34. Rd2 Nc3+ 0-1

[Event "Guernsey op 43rd"]
[Site "Vale"]
[Date "2017.10.20"]
[Round "6"]
[White "Rowe, Peter"]
[Black "Plug, Arjan JH"]
[Result "0-1"]
[WhiteElo "1974"]
[BlackElo "1814"]
[PlyCount "46"]
[EventDate "2017.10.15"]
[EventType "swiss"]
[EventRounds "7"]
[EventCountry "GCI"]
[SourceTitle "CBM 181 Extra"]
[Source "ChessBase"]
[SourceDate "2017.12.12"]
[SourceVersion "1"]
[SourceVersionDate "2017.12.12"]
[SourceQuality "1"]

1. d4 Nf6 2. Bf4 e6 3. e3 c5 4. c3 Nc6 5. Nf3 d5 6. Bd3 Bd6 7. Ne5 0-0 8. Nd2 cxd4 9. exd4 Bxe5 10. dxe5 Nd7 11. Nf3 f6 12. exf6 Nxf6 13. Ne5 Ne4 14. Bxe4 Rxf4 15. Bxh7+ Kxh7 16. Qh5+ Kg8 17. Ng6 Re4+ 18. Kf1 Qf6 19. h4 Ne7 20. Qh8+ Kf7 21. Nxe7 Kxe7 22. Rh3 b6 23. Rg3 Ba6+ 0-1

[Event "Guernsey op 43rd"]
[Site "Vale"]
[Date "2017.10.17"]
[Round "3"]
[White "Van Hoek, Wilhelmus J"]
[Black "Rowe, Peter"]
[Result "0-1"]
[WhiteElo "1907"]
[BlackElo "1974"]
[PlyCount "62"]
[EventDate "2017.10.15"]
[EventType "swiss"]
[EventRounds "7"]
[EventCountry "GCI"]
[SourceTitle "CBM 181 Extra"]
[Source "ChessBase"]
[SourceDate "2017.12.12"]
[SourceVersion "1"]
[SourceVersionDate "2017.12.12"]
[SourceQuality "1"]

1. e3 d6 2. d4 g6 3. f4 Bg7 4. Nf3 Nf6 5. Bd3 c5 6. c3 Nc6 7. dxc5 dxc5 8. Qe2 Bg4 9. 0-0 e5 10. e4 0-0 11. h3 Bxf3 12. Qxf3 exf4 13. Bxf4 Nh5 14. Rd1 Nxf4 15. Qxf4 c4 16. Be2 Qb6+ 17. Kh1 Qxb2 18. Nd2 Be5 19. Qf1 b5 20. Rab1 Qxc3 21. Rxb5 Qg3 22. Nf3 c3 23. Nxe5 Nxe5 24. Rdd5 Rae8 25. Rbc5 Qe3 26. Qd1 Rc8 27. Rxc8 Rxc8 28. Qc2 Rc5 29. Rd1 Kg7 30. Rc1 Nc6 31. Bf3 Nb4 0-1

[Event "Guernsey op 43rd"]
[Site "Vale"]
[Date "2017.10.16"]
[Round "2"]
[White "Rowe, Peter"]
[Black "Minnema, Rens"]
[Result "0-1"]
[WhiteElo "1974"]
[BlackElo "1892"]
[PlyCount "70"]
[EventDate "2017.10.15"]
[EventType "swiss"]
[EventRounds "7"]
[EventCountry "GCI"]
[SourceTitle "CBM 181 Extra"]
[Source "ChessBase"]
[SourceDate "2017.12.12"]
[SourceVersion "1"]
[SourceVersionDate "2017.12.12"]
[SourceQuality "1"]

1. d4 d6 2. Nf3 g6 3. Bf4 Bg7 4. e3 Nf6 5. Be2 0-0 6. h3 c5 7. c3 cxd4 8. exd4 Nd5 9. Bh2 Bh6 10. Bc4 Nf4 11. Bxf4 Bxf4 12. g3 Bh6 13. Nbd2 Bf5 14. g4 Bd7 15. g5 Bg7 16. h4 Bg4 17. Qc2 Nc6 18. 0-0-0 d5 19. Be2 Rc8 20. Qa4 a6 21. Rdg1 Bd7 22. Qd1 Nxd4 23. Nxd4 Bxd4 24. Nb3 Bxf2 25. Rf1 Be3+ 26. Kb1 e5 27. Rf6 d4 28. cxd4 exd4 29. Rhf1 Bh3 30. R1f3 Bg2 31. Rg3 Be4+ 32. Bd3 Bxd3+ 33. Qxd3 Qc7 34. Rxe3 dxe3 35. Qxe3 Qc2+ 0-1

[Event "Guernsey op 42nd"]
[Site "Vale"]
[Date "2016.10.22"]
[Round "7"]
[White "Goris, Ton"]
[Black "Rowe, Peter"]
[Result "1/2-1/2"]
[WhiteElo "2005"]
[BlackElo "1964"]
[PlyCount "43"]
[EventDate "2016.10.16"]
[EventType "swiss"]
[EventRounds "7"]
[EventCountry "GCI"]
[SourceTitle "CBM 175 Extra"]
[Source "ChessBase"]
[SourceDate "2016.12.12"]
[SourceVersion "1"]
[SourceVersionDate "2016.12.12"]
[SourceQuality "1"]

1. e4 d6 2. d4 Nf6 3. Nc3 e5 4. Nf3 Nbd7 5. Bc4 Be7 6. 0-0 0-0 7. Re1 c6 8. a4 a5 9. h3 exd4 10. Nxd4 Nc5 11. Bf4 Be6 12. Nxe6 fxe6 13. Bxd6 Bxd6 14. e5 Nd5 15. exd6 Qh4 16. Qe2 Nf4 17. Qg4 Qxg4 18. hxg4 Rad8 19. Ne4 Nxe4 20. Rxe4 Rxd6 21. Rae1 Rd2 22. Bb3 1/2-1/2